Shawn mendes song by emojis p1 - Statistics

General Stats
  • This quiz has been taken 235 times
  • The average score is 6 of 12
Answer Stats
Picture Answer % Correct
Lost in Japan
89%
Queen
87%
In my blood
86%
24 hours
79%
Monster
51%
Look up at the stars
46%
Summer of love
45%
Song for no one
44%
Call my friends
42%
Like to be you
38%
Youth
16%
Piece of you
4%
No matching quizzes found
Score Distribution
Percent of People with Each Score
Percentile by Number Answered
Your Score History
You have not taken this quiz